LIBRARY & INFORMATION CENTRE, KCAET, TAVANUR

ONLINE PUBLIC ACCESS CATALOGUE (OPAC)

Hand book of probability and statistics with tables / (Record no. 7062)

MARC details
000 -LEADER
fixed length control field 00526cam a2200193ua 4500
041 ## - LANGUAGE CODE
Language code of text/sound track or separate title eng
082 ## - DEWEY DECIMAL CLASSIFICATION NUMBER
Classification number 028.71519
Item number BUR/HA
100 ## - MAIN ENTRY--AUTHOR NAME
Personal name Burington, Richard steven .
245 ## - TITLE STATEMENT
Title Hand book of probability and statistics with tables /
250 ## - EDITION STATEMENT
Edition statement 1 /
260 ## - PUBLICATION, DISTRIBUTION, ETC. (IMPRINT)
Place of publication Ohio :
Name of publisher Handbook publishers ,
Year of publication 1958.
300 ## - PHYSICAL DESCRIPTION
Number of Pages 332 ; .
700 1# - ADDED ENTRY--PERSONAL NAME
Personal name May, Donald curtis .
942 ## - ADDED ENTRY ELEMENTS (KOHA)
Koha item type Books
Holdings
Withdrawn status Lost status Damaged status Home library Current library Date acquired Full call number Accession Number Koha item type
      KAUAET   07/04/2012 028.71519 4852 Books
free website counter